Algebraic Cryptanalysis of Stream Ciphers with Non-linear Update / (Record no. 529399)

000 -LEADER
fixed length control field 00576nam a22001697a 4500
020 ## - INTERNATIONAL STANDARD BOOK NUMBER
Qualifying information Hard Cover.
082 ## - DEWEY DECIMAL CLASSIFICATION NUMBER
Classification number 200
100 ## - MAIN ENTRY--PERSONAL NAME
Personal name Afzal, Mehreen
245 ## - TITLE STATEMENT
Title Algebraic Cryptanalysis of Stream Ciphers with Non-linear Update /
Statement of responsibility, etc. Mehreen Afzal.
260 ## - PUBLICATION, DISTRIBUTION, ETC.
Place of publication, distribution, etc. Islamabad:
Name of publisher, distributor, etc. MCS - NUST,
Date of publication, distribution, etc. 2010.
300 ## - PHYSICAL DESCRIPTION
Extent 119 p.: ill,;
Dimensions 30cm.
650 ## - SUBJECT ADDED ENTRY--TOPICAL TERM
Topical term or geographic name entry element Ph.D-Information Security .
700 ## - ADDED ENTRY--PERSONAL NAME
Personal name Supervisor:Dr. Ashraf Masood
856 ## - Uniform Resource Identifier
Uniform Resource Identifier <a href="http://10.250.8.41:8080/xmlui/handle/123456789/3677">http://10.250.8.41:8080/xmlui/handle/123456789/3677</a>
942 ## - ADDED ENTRY ELEMENTS (KOHA)
Source of classification or shelving scheme
Koha item type Soft Copy
650 ## - SUBJECT ADDED ENTRY--TOPICAL TERM
-- 124437
700 ## - ADDED ENTRY--PERSONAL NAME
-- 124438
Holdings
Withdrawn status Lost status Source of classification or shelving scheme Damaged status Not for loan Permanent Location Current Location Shelving location Date acquired Full call number Barcode Date last seen Price effective from Koha item type
          Central Library (CL) Central Library (CL) Thesis 09/25/2019 200 CLPT-232 09/25/2019 09/25/2019 Soft Copy
© 2023 Central Library, National University of Sciences and Technology. All Rights Reserved.